Score 0/10 Timer 03:00
6 Plays Today
Year Title % Correct
2002Chicago
94.9%
1965The Sound of Music
94.3%
1964My Fair Lady
78.5%
1961West Side Story
75.3%
1968Oliver!
53.5%
1951An American in Paris
51.2%
1958Gigi
51.1%
1944Going My Way
37.9%
1929The Broadway Melody
27.1%
1936The Great Ziegfeld
21.9%
Come Together.
Have Fun.
All Virtual.
We all need to come together. Play Sporcle's virtual live trivia to have fun, connect with people, and get your trivia on. Join a live hosted trivia game for your favorite pub trivia experience done virtually. If a virtual private party is more your thing, go here for details.

You're not logged in!

Compare scores with friends on all Sporcle quizzes.
OR
Log In

Sporcle TV

Today on Sporcle TV


Watch our educational content, quiz creation guides, and fun videos on Sporcle TV.

Show Comments

Extras

Top Quizzes Today


Score Distribution

Paid Content

Your Account Isn't Verified!

In order to create a playlist on Sporcle, you need to verify the email address you used during registration. Go to your Sporcle Settings to finish the process.

Report this User

Report this user for behavior that violates our Community Guidelines.

Details: